00886cam a2200301 4500001000800000003000600008005001700014007000800031008004100039016001600080017000900096020000600105035000600111040002500117080000600142082002000148100003500168245005600203260003800259300003400297336000900331337000900340504002900349650005800378650005400436651005400490651004000544 199812BPMSU20180206115652.0 199812880810s1985 sp d 001 0 spa 7 a z 2BPMSU a b  a  a  aBPMSUbspacBPMSUe  a  2658.154 aA323t1 a Alatriste, Sealtiel, d1949-.10a Técnica de los costos / n c Sealtiel Alatriste aMéxico : b Ed. Porrua, c1979. axxii, 442 p :bgráf.c24 cm a 2  a 2  aIncluye bibliografías. aContabilidad administrativav Publicaciones seriadas. aContabilidad de costosv Publicaciones seriadas. aBucaramanga (Colombia)v Publicaciones seriadas. aColombia v Publicaciones seriadas.